Online
Catalog

Cuerpos y almas / (Record no. 4561)

MARC details
000 -CABECERA
campo de control de longitud fija 00572cam a22001811 4500
001 - NÚMERO DE CONTROL
campo de control 000004755
005 - FECHA Y HORA DE LA ÚLTIMA TRANSACCIÓN
campo de control 20200929151510.0
008 - DATOS DE LONGITUD FIJA--INFORMACIÓN GENERAL
campo de control de longitud fija 821027s1951 fr 000 0 fre
040 ## - FUENTE DE LA CATALOGACIÓN
Centro catalogador/agencia de origen DO-SdBNP
Lengua de catalogación spa
Centro/agencia transcriptor BNPHU
082 ## - NÚMERO DE LA CLASIFICACIÓN DECIMAL DEWEY
Número de clasificación 843.91
Número de documento/Ítem M495c
100 1# - ENTRADA PRINCIPAL--NOMBRE DE PERSONA
Nombre de persona Meersch, Maxence van der,
Fechas asociadas al nombre 1907-1951.
9 (RLIN) 13818
245 10 - MENCIÓN DE TÍTULO
Título Cuerpos y almas /
Mención de responsabilidad, etc. Maxence van der Meersch.
260 ## - PUBLICACIÓN, DISTRIBUCIÓN, ETC.
Lugar de publicación, distribución, etc. París :
Nombre del editor, distribuidor, etc. A. Michel,
Fecha de publicación, distribución, etc. 1951.
300 ## - DESCRIPCIÓN FÍSICA
Extensión 243 p. ;
Dimensiones 19 cm.
500 ## - NOTA GENERAL
Nota general Basada en la novela del autor de que el mismo título
650 #4 - PUNTO DE ACCESO ADICIONAL DE MATERIA--TÉRMINO DE MATERIA
Término de materia o nombre geográfico como elemento de entrada Novela francesa
9 (RLIN) 1075
650 #4 - PUNTO DE ACCESO ADICIONAL DE MATERIA--TÉRMINO DE MATERIA
Término de materia o nombre geográfico como elemento de entrada Literatura francesa
9 (RLIN) 1074
Holdings
Estado de retiro Estado de pérdida Restricciones de uso No para préstamo Código de colección Localización permanente Ubicación/localización actual Ubicación en estantería Fecha de adquisición Número de inventario Total de préstamos Signatura topográfica completa Código de barras Fecha visto por última vez Precio válido a partir de Tipo de ítem Koha
    Préstamo interno   Monografías: Libros y Folletos General General En catalogación 25.07.2009 LF1   843.91 M495c 4755-10 25.06.2020 25.06.2020 Préstamo interno

Powered by Koha